000 00615nam a22002057a 4500
999 _c6519
_d6519
003 OSt
005 20200129121407.0
008 200129b ||||| |||| 00| 0 eng d
020 _a 0826453953
040 _c040a
082 _a371.102
_bAND 2001
100 _aAndrews, Richard
_913388
245 _aTeaching and learning english :
_ba guide to recent research and its applications /
_cRichard Andrews
260 _aLondon
_bContinuum
_c2001
300 _axxiv, 167p;
_c12 cm.
504 _aIncludes bibliographical references and index
650 _2Teaching
650 _2Learning English
942 _2ddc
_cO_SHELF